Swamy's compilation of general financial rules 2017 : (Record no. 165496)
[ view plain ]
| 000 -LEADER | |
|---|---|
| fixed length control field | 00952nam a22002537a 4500 |
| 005 - DATE AND TIME OF LATEST TRANSACTION | |
| control field | 20190802145203.0 |
| 010 ## - LCCN (DPL NO) | |
| LC control number | B-728384 |
| 020 ## - INTERNATIONAL STANDARD BOOK NUMBER | |
| Terms of availability | 320.00 |
| 035 ## - SYSTEM CONTROL NUMBER | |
| System control number | B-728384 |
| 037 ## - SOURCE OF ACQUISITION | |
| Stock number | dpl |
| Source of stock number/acquisition | R.K.Books |
| 082 ## - DEWEY DECIMAL CLASSIFICATION NUMBER | |
| Classification number | 351.72 |
| 100 ## - MAIN ENTRY--PERSONAL NAME | |
| Personal name | Muthuswamy |
| 245 ## - TITLE STATEMENT | |
| Title | Swamy's compilation of general financial rules 2017 : |
| Remainder of title | incorporating containing of rules on advances to central government servants / |
| Statement of responsibility, etc | by Muthuswamy, Brinda [and] Sanjeev |
| 250 ## - EDITION STATEMENT | |
| Edition statement | 30th ed |
| 260 ## - PUBLICATION, DISTRIBUTION, ETC. (IMPRINT) | |
| Place of publication, distribution, etc | New Delhi |
| Name of publisher, distributor, etc | Swamy Publishers |
| Date of publication, distribution, etc | 2019 |
| 270 ## - ADDRESS | |
| Address | 4855,24,Ansari Road, Darya Ganj |
| City | New Delhi |
| Postal code | 110002 |
| 300 ## - PHYSICAL DESCRIPTION | |
| Extent | xviii,282p. |
| Other physical details | 22cm(pbk) |
| 650 ## - SUBJECT ADDED ENTRY--TOPICAL TERM | |
| Topical term or geographic name as entry element | Public welfare |
| 650 ## - SUBJECT ADDED ENTRY--TOPICAL TERM | |
| Topical term or geographic name as entry element | Public Administration |
| 700 ## - ADDED ENTRY--PERSONAL NAME | |
| Personal name | Brinda |
| 700 ## - ADDED ENTRY--PERSONAL NAME | |
| Personal name | Sanjeev |
| 942 ## - ADDED ENTRY ELEMENTS (KOHA) | |
| Source of classification or shelving scheme | Dewey Decimal Classification |
| Item type | English Books |
| Classification part | 351.72 |
| Call number suffix | MUT |
| Withdrawn status | Lost status | Not for loan | Collection code | Home library | Current library | Date acquired | Source of acquisition | Cost, normal purchase price | Full call number | Barcode | Copy number | Cost, replacement price | Koha item type | Public note |
|---|---|---|---|---|---|---|---|---|---|---|---|---|---|---|
| Non-fiction | Sarojini Nagar | Sarojini Nagar | 20/06/2019 | R.K.Books/IN457/2019-20/03.06.2019/07/29.06.2019/17.06.2019 | 320.00 | 351.72 MUT | B-728384 | 1 | 320.00 | English Books | Spl. power |
